01617nas a2200241Ia 4500001001100000003001000011008004100021040002500062041001300087100002300100210002000123222002000143245009800163250001100261260004800272300001200320310001900332362003500351500042300386501011400809520042300923650002901346R200-R1881IT-CnALBA170116c99999999xx |||||||||||| ||und|| aIT-CnALBAcIT-CnALBA aITALIANO aSEQUERI PIERANGELO aSTUDIA PATAVINA aSTUDIA PATAVINA 0aSTUDIA PATAVINA. RIVISTA DI SCIENZE RELIGIOSE. N. III. ANNO XXXVII. SETTEMBRE DICEMBRE 1990.  a1a ed. a PADOVAbANTONIANA, TIPO-LITOGRAFIA. c1990 a320 p.  aQUADRIMESTRALE aFascicolo: 3 / Anno: 37 (1990) aA. GAMBASIN, MEMORIA. BONANATO G. MARCON V. GAVAZZI P. LEONARDI G. MUSICA TEOLOGIA LITURGIA. LIBRO DELLA LUCE CATECHISMO ISMAELITA SECOLO XI. GIUSEPPE FORLANETTO LESSICOGRAFO. POVERTÀ RELIGIOSA SECOLO XIX. ERMENEUTICA BIBLICA FEMMINISTA DI SCHUSSLER E. FIORENZA. ETICA NUOVO TESTAMENTO. STORIA RELIGIOSA DELLA LOMBARDIA. IL NIETZSCHE DI ERNST BERTRAM. VANGELI DELL'INFANZIA MATTEO LUCA. RECENSIONI LIBRI IN VISIONE.  aSocietà San Paolo EM - Piazza San Paolo, 14 - 12051 ALBA (CN) (non commercial uses only) ® Copyright 2017 aA. GAMBASIN, MEMORIA. BONANATO G. MARCON V. GAVAZZI P. LEONARDI G. MUSICA TEOLOGIA LITURGIA. LIBRO DELLA LUCE CATECHISMO ISMAELITA SECOLO XI. GIUSEPPE FORLANETTO LESSICOGRAFO. POVERTÀ RELIGIOSA SECOLO XIX. ERMENEUTICA BIBLICA FEMMINISTA DI SCHUSSLER E. FIORENZA. ETICA NUOVO TESTAMENTO. STORIA RELIGIOSA DELLA LOMBARDIA. IL NIETZSCHE DI ERNST BERTRAM. VANGELI DELL'INFANZIA MATTEO LUCA. RECENSIONI LIBRI IN VISIONE.  aMISCELLANEA DI RELIGIONE